La planeación interinstitucional en la UNAM : una experiencia operativa en la planeación de la educación superior.

-д хадгалсан:
Номзүйн дэлгэрэнгүй
Үндсэн зохиолч: Valdés Olmedo, Cuauhtémoc (autor)
Бусад зохиолчид: Velázquez Jiménez, Arturo (autor) (autor)
Формат: Ном
Хэл сонгох:испани
Цуврал:(Cuadernos de Planeación Universitaria ; no. 13)
Нөхцлүүд:
Шошгууд: Шошго нэмэх
Шошго байхгүй, Энэхүү баримтыг шошголох эхний хүн болох!

MARC

LEADER 00000cam^a2200000uu^4500
001 000458141
005 20250521000000.0
008 050901s1981^^^^^^^^^^^^rd^r^^000^0^spa^d
009 20260310124101.992
022 |a 9685829861 
035 |a FCE 000000586 
035 |a FCE 001487 
037 |a Acervo ITESO - Biblioteca 
041 |a spa 
082 0 4 |a 378.107  |b VAL 
100 |a Valdés Olmedo, Cuauhtémoc  |e (autor) 
245 1 3 |a La planeación interinstitucional en la UNAM :  |b una experiencia operativa en la planeación de la educación superior. 
264 |a México :  |b UANM,  |c 1981. 
300 |a 68 p. 
336 |a texto  |b txt  |2 rdacontenido 
337 |a sin mediación  |b n  |2 rdamedio 
338 |a volumen  |b nc  |2 rdasoporte 
440 0 |a (Cuadernos de Planeación Universitaria ;  |v no. 13) 
649 |a XX 
650 |a Educación superior 
650 |a Planificación de la educación 
650 |a Experiencia educativa 
700 |a Velázquez Jiménez, Arturo  |e (autor) 
910 |a Fondo Centro de Estudios Educativos 
920 |a Impresos - Libros 
930 |a Fondos Especiales 
905 |a 133 
901 |a ALE001487  |b IT2  |c CEE  |u 20250521 
901 |a ALE042476  |b IT2  |c CEE  |u 20250521 
901 |a ALE042477  |b IT2  |c CEE  |u 20250521 
902 |a https://opac.biblio.iteso.mx/vufind/Record/000458141